| 000 | 00822cab a2200253 4500 | ||
|---|---|---|---|
| 001 | ABS58747 | ||
| 008 | 090401t1998 xxu||||| |||| 00| 0 eng d | ||
| 035 | _a(Sirsi) u86698 | ||
| 041 | _aeng | ||
| 245 | _aSouthwark LBC v Mills and others | ||
| 260 | _c1998 | ||
| 350 | _a0 | ||
| 490 |
_aEstates Gazette _v[1998] 22 EG 151-155(5) |
||
| 520 | _aChD 6 March 1998. S`s appeal against an earlier decision that it was obliged to carry out effective soundproofing of tenants` flats, was dismissed. | ||
| 650 | _aCOVENANT FOR QUIET ENJOYMENT | ||
| 650 | _aNOISE CONTROL | ||
| 650 | _aNOISE INSULATION | ||
| 650 | _aQUIET ENJOYMENT | ||
| 650 | _aSOUND INSULATION | ||
| 650 | _aSOUTWARK LBC V MILLS AND OTHERS | ||
| 690 | _aLANDLORD AND TENANT-CASE LAW-RESIDENTIAL TENANCIES | ||
| 942 | _n0 | ||
| 948 | _c09/06/1998 | ||
| 999 |
_c54591 _d54591 |
||